000 00801nam a2200289Ia 4500
003 OSt
005 20221006143028.0
006 a|||||r|||| 00| 0
007 ta
008 221006b |||||||| |||| 00| 0 eng d
020 _c
_12.00
024 _a7,836
037 _cTextual
040 _aEASL
_cEASL
_beng
041 _2eng
_aeng
082 _aY:1:6.42.N7, L5
100 _aFodella Gianni Ed.
_9274853
245 0 _aSocial structures and economic dynamics in Japan up to 1980
260 _aMilan
_bLuigi Bocconi University
_c1975
300 _a322p.
_ccm.
490 _v JEL
650 _a Economic dynamics
_9648986
650 _a Social structures
_9648987
650 _aJEL
942 _hY:1:6.42.N7, L5
_cTEXL
_2CC
999 _c1075922
_d1075922